Know about dinosaurs
| Format: | Book |
|---|---|
| Published: |
London :
Rainbow Books ,
1992
|
| Subjects: |
MARC
| LEADER | 00000cam a2200000 7i4500 | ||
|---|---|---|---|
| 001 | 0000009803 | ||
| 002 | 000010673 | ||
| 005 | 20000330.0 | ||
| 020 | |a 187174573X | ||
| 090 | 0 | 0 | |a J 567.91 |b KNO |
| 245 | 0 | 0 | |a Know about dinosaurs |
| 260 | |a London : |b Rainbow Books , |c 1992 | ||
| 300 | |a 32p. : |b ill. ; |c 32cm. | ||
| 650 | 0 | 0 | |a Dinosaurs |x Juvenile literature |
| 999 | |a 027685 |b BUKU |c PINJAMAN |e PERPUSTAKAAN KOMUNITI PETALING JAYA | ||